00612 a2200193 45000010006000000050017000060080041000230030015000640400040000790800035001192450072001542640034002263000019002605050071002790410008003501000028003586500015003866500017004013901820260407155649.0260407a1974 arg spa dAR-UNSa-BCEJYS aAR-UNSa-BCEJYSbspacAR-UNSa-BCEJYS a347.72xSociedades comerciales10aLey 19.550 de Sociedades Comercialesp(con exposición de motivos) 1aBuenos Aires :bDepalmac1974 a192 p.c22 cm. a1. Exposición de motivos - 2. Ley 19.550. Sociedades Comerciales aspa1 aArgentina [Leyes, etc.] aLey 19.550 a ley 19 550